Nenne alle Charaktere aus Whinnie Puh - Statistiken

Allgemein
  • Dieses Quiz wurde 156 mal gespielt
  • Das Durchschnittsergebnis liegt bei 6 aus 10
Antwortstatistiken
Charaktere % Korrekt
Ferkel
90%
Tigger
88%
Whinnie Puuh
82%
Christopher Robin
69%
I-Ah
64%
Rabbit
61%
Eule
53%
Känga
45%
Ruh
45%
Gopher
4%
Keine übereinstimmenden Quizze gefunden
Verteilung der Resultate
Anzahl Personen mit jedem Resultat
Perzentil nach korrekt beantworteten Fragen
Ihre Resultats-Entwicklung
Sie haben dieses Quiz noch nicht gespielt